000 00469nam a2200181Ia 4500
001 20318
003 IN-NITTTR
005 20251114233232.0
008 251113s9999||||xx |||||||||||||| ||eng||
040 _beng
040 _cIN-NITTTR
041 _aeng
082 _a624.18341 E24S
100 _aEverard, Noel J.
245 0 _aTheory and problems of reinforced concrete design /
_cEverard, Noel J., Tanner, John L.
700 _a Tanner, John L.
942 _2ddc
_cBK
999 _c22952
_d22952